<?xml version="1.0" encoding="UTF-8"?>
<marc:record xmlns:marc="http://www.loc.gov/MARC21/slim">
   <marc:leader>00000nam a2200000 a 4500</marc:leader>
   <marc:datafield ind1="1" ind2=" " tag="100">
      <marc:subfield code="a">Grün, Anselm</marc:subfield>
      <marc:subfield code="4">aut</marc:subfield>
      <marc:subfield code="e">Verfasser/-in</marc:subfield>
   </marc:datafield>
   <marc:datafield ind1="0" ind2="0" tag="245">
      <marc:subfield code="a">Vom Ich zum Du</marc:subfield>
   </marc:datafield>
   <marc:datafield ind1="0" ind2="0" tag="245">
      <marc:subfield code="b">Für sich und andere sorgen</marc:subfield>
   </marc:datafield>
   <marc:datafield ind1="0" ind2="0" tag="245">
      <marc:subfield code="c">Grün, Anselm</marc:subfield>
   </marc:datafield>
   <marc:datafield ind1=" " ind2="1" tag="264">
      <marc:subfield code="a">München</marc:subfield>
      <marc:subfield code="b">Kösel</marc:subfield>
      <marc:subfield code="c">2017</marc:subfield>
   </marc:datafield>
   <marc:datafield ind1="1" ind2=" " tag="520">
      <marc:subfield code="a">Angaben aus der Verlagsmeldung &#xD;
&#xD;
 &#xD;
&#xD;
  Vom Ich zum Du : Für sich und andere sorgen / von Anselm Grün &#xD;
&#xD;
 &#xD;
Liebe deinen Nächsten wie dich selbst, Sorge tragen für die Flüchtenden, die zu uns kommen. Ebenso wie für die alten Eltern, die Kollegen, die Mitbrüder. Hat das etwas mit Hingabe zu tun? Was sind die Quellen dieser Nächsten-Liebe? Hat sie Grenzen oder kann sie grenzenlos sein? Verwandelt uns die Sorge um jemanden? Gibt uns Jesus dafür ein Beispiel? In München hat die Caritas einen wirklich guten Slogan: "Nah am Nächsten". Aber manchmal ist der Nächste vielleicht auch am anderen Ende der Welt. Sorge kann erdrücken. Und auch die Sorge um sich selbst ist eine Sorge. Sich um den anderen sorgen ohne von sich abzusehen  wie macht man das? &#xD;
In diesem Buch möchte Anselm Grün vor allem die positive Bedeutung der Sorge bedenken. Aber natürlich hat et auch die Gefahren im Blick, wenn sich jemand zuviel Sorgen macht. Ihm geht es darum, sorgfältig mit diesem Begriff "Sorge" umzugehen und zu betrachten, welche Rolle sie in unserem Zusammenleben mit anderen, aber auch in unserem Umgang mit dem Augenblick und mit der Zukunft spielen kann.&#xD;
Anselm Grün gibt in diesem Buch spirituelle und praktische Antworten auf die o.g. Fragen.</marc:subfield>
   </marc:datafield>
   <marc:datafield ind1=" " ind2=" " tag="020">
      <marc:subfield code="a">9783466371945</marc:subfield>
      <marc:subfield code="9">9783466371945</marc:subfield>
   </marc:datafield>
   <marc:datafield ind1=" " ind2=" " tag="020">
      <marc:subfield code="a">3466371945</marc:subfield>
      <marc:subfield code="9">3466371945</marc:subfield>
   </marc:datafield>
   <marc:datafield ind1=" " ind2=" " tag="041">
      <marc:subfield code="a">ger</marc:subfield>
   </marc:datafield>
   <marc:datafield ind1=" " ind2=" " tag="338">
      <marc:subfield code="a">Band</marc:subfield>
   </marc:datafield>
   <marc:datafield ind1=" " ind2=" " tag="300">
      <marc:subfield code="a">139 Seiten</marc:subfield>
   </marc:datafield>
</marc:record>
